Choctaw verb agreement and universal grammar
| Published in: | Studies in natural language and linguistic theory |
|---|---|
| Main Author: | |
| Content type: | Book |
| Published: |
Dordrecht:
Reidel
1986
|
| Series: | Studies in natural language and linguistic theory |
| Source: | MPIPL_cat |
| _version_ | 1863686992458416128 |
|---|---|
| author | Davies, William D. |
| author_facet | Davies, William D. |
| author_search | Davies, William D. |
| author_sort | Davies, William D. |
| author_variant | w d d wd wdd |
| callnumber-first | 210-Dav/1 |
| callnumber-label | 210-DAV/1 |
| callnumber-raw | 210-DAV/1 |
| callnumber-search | 210-DAV/1 |
| collection_details | MPIPL |
| container_title | Studies in natural language and linguistic theory |
| dedup_id_str | MPIPL_cat.PL0001579 |
| dewey-hierarchy | 0/[Unassigned]/ |
| dewey-hierarchy_str | 0/[Unassigned]/ |
| first_indexed | 2024-07-08T10:26:43Z |
| format | 0/Buch/ |
| format_str | 0/Buch/ |
| fullrecord | <?xml version="1.0" encoding="UTF-8"?>
<collection xmlns:xsi="http://www.w3.org/2001/XMLSchema-instance" xsi:schemaLocation="http://www.loc.gov/MARC21/slim http://www.loc.gov/standards/marcxml/schema/MARC21slim.xsd" xmlns="http://www.loc.gov/MARC21/slim">
<record>
<leader>00000nam a2200000 ub4500</leader>
<controlfield tag="001">PL0001579</controlfield>
<controlfield tag="003">PLI01000000000000000001527</controlfield>
<controlfield tag="005">00000000000000.0</controlfield>
<controlfield tag="008"> ||| u </controlfield>
<datafield tag="020" ind1=" " ind2=" ">
<subfield code="a">90-277-2065-7</subfield>
</datafield>
<datafield tag="020" ind1=" " ind2=" ">
<subfield code="a">9789027720658</subfield>
</datafield>
<datafield tag="090" ind1=" " ind2=" ">
<subfield code="a">210-Dav/1</subfield>
</datafield>
<datafield tag="100" ind1="1" ind2=" ">
<subfield code="a">Davies, William D.</subfield>
</datafield>
<datafield tag="245" ind1="0" ind2="0">
<subfield code="a">Choctaw verb agreement and universal grammar</subfield>
<subfield code="c">W.D. Davies</subfield>
</datafield>
<datafield tag="260" ind1=" " ind2=" ">
<subfield code="a">Dordrecht</subfield>
<subfield code="b">Reidel</subfield>
<subfield code="c">1986</subfield>
</datafield>
<datafield tag="300" ind1=" " ind2=" ">
<subfield code="a">XI, 202 P.</subfield>
</datafield>
<datafield tag="490" ind1="0" ind2=" ">
<subfield code="a">Studies in natural language and linguistic theory</subfield>
</datafield>
<datafield tag="830" ind1=" " ind2="0">
<subfield code="w">PL0000540</subfield>
</datafield>
<datafield tag="500" ind1=" " ind2=" ">
<subfield code="a">Rev. Ph.D. thesis University of California,San Diego, 1981</subfield>
</datafield>
<datafield tag="852" ind1=" " ind2=" ">
<subfield code="c">210-Dav/1</subfield>
<subfield code="m">BOOK</subfield>
</datafield>
</record>
</collection>
|
| hierarchy_parent_id | MPIPL_cat.PL0000540 |
| hierarchy_parent_title | Studies in natural language and linguistic theory |
| id | MPIPL_cat.PL0001579 |
| illustrated | Not Illustrated |
| institution | MPIPL_cat |
| institution_str | MPIPL_cat |
| isbn | 9789027720658 90-277-2065-7 |
| language | und |
| language_str | und |
| last_indexed | 2026-04-27T23:40:57Z |
| online | false |
| online_MPIPL_cat | false |
| online_str | false |
| physical | XI, 202 P. |
| publishDate | 1986 |
| publishDate_str | 1986 |
| publisher | Reidel |
| record_format | marc |
| series | Studies in natural language and linguistic theory |
| signature_search | 210-Dav/1 |
| spelling | Davies, William D. Choctaw verb agreement and universal grammar W.D. Davies Dordrecht Reidel 1986 XI, 202 P. Studies in natural language and linguistic theory PL0000540 Rev. Ph.D. thesis University of California,San Diego, 1981 |
| spellingShingle | Davies, William D. Choctaw verb agreement and universal grammar Studies in natural language and linguistic theory |
| title | Choctaw verb agreement and universal grammar |
| title_full | Choctaw verb agreement and universal grammar W.D. Davies |
| title_fullStr | Choctaw verb agreement and universal grammar W.D. Davies |
| title_full_unstemmed | Choctaw verb agreement and universal grammar W.D. Davies |
| title_search | Choctaw verb agreement and universal grammar Studies in natural language and linguistic theory |
| title_short | Choctaw verb agreement and universal grammar |
| title_sort | choctaw verb agreement and universal grammar w d davies |